Bananeras: (Record no. 1739)

MARC details
000 -LEADER
campo de control de longitud fija 00833nam a2200145 4500
008 - DATOS DE LONGITUD FIJA--INFORMACIÓN GENERAL
campo de control de longitud fija 331.88 F828b
020 ## - NÚMERO INTERNACIONAL ESTÁNDAR DEL LIBRO
Número Internacional Estándar del Libro 9781608465354
082 ## - NÚMERO DE LA CLASIFICACIÓN DECIMAL DEWEY
Número de clasificación 331.88
Número de ítem F828b
100 ## - ENTRADA PRINCIPAL--NOMBRE DE PERSONA
Nombre de persona Frank, Dana
9 (RLIN) 6935
245 ## - MENCIÓN DEL TÍTULO
Título Bananeras:
Resto del título Women Transforming the Banana Unions of Latin America
260 ## - PUBLICACIÓN, DISTRIBUCIÓN, ETC.
Lugar de publicación, distribución, etc. Chicago
Nombre del editor, distribuidor, etc. Haymarket Books
Fecha de publicación, distribución, etc. 2016
300 ## - DESCRIPCIÓN FÍSICA
Extensión 137 p.
Otras características físicas ill.
Dimensiones 21,5 x 13,5 cm
505 ## - NOTA DE CONTENIDO CON FORMATO
Título Introduction: On the road
-- Chapter One: The Work Enslaves Us
-- Chapter Two: SITRATERCO: Women´s Power Is Union Power
-- Chapter Three: Honduras: A Free Space
-- Chapter Four: Latin American: The Big Challenge
-- Chapter Five: The War at Home
-- Chapter Six: Global Allies
-- Conclusion: A New Kind of Labor Movement
-- Notes
-- Index
-- About the Author
650 ## - PUNTO DE ACCESO ADICIONAL DE MATERIA--TÉRMINO DE MATERIA
Subdivisión general economía
-- trabajo
-- uniones laborales
-- banano - industria
-- agricultura - mujeres
-- America Latina
9 (RLIN) 6936
Holdings
Estatus retirado Estado de pérdida Fuente del sistema de clasificación o colocación Estado de daño No para préstamo Biblioteca de origen Biblioteca actual Ubicación en estantería Fecha de adquisición Total de préstamos Signatura topográfica completa Código de barras Visto por última vez Precio de reemplazo Tipo de ítem Koha
    Clasificación Decimal Dewey     Biblioteca LadoV Biblioteca LadoV   13/03/2019   331.88 F828b 004755 13/03/2019 13/03/2019 Material 01